| 000 | 00502nam a22001817a 4500 | ||
|---|---|---|---|
| 999 |
_c523489 _d523489 |
||
| 003 | NUST | ||
| 020 | _a9789697576500 | ||
| 038 | _aFaiza | ||
| 082 |
_a297.2 _bYAS |
||
| 100 |
_aYaseen, Ikaram Ul Haq _913947 |
||
| 245 |
_aIdara e Islami Tameer-e-nou / _cIkram ul Yaseen |
||
| 260 |
_aIslamabad : _bI.R.D, _c2018. |
||
| 300 | _a499 p. ; | ||
| 500 | _aPaperback. | ||
| 880 |
_6245-02\r _aادارہ اسلامی تعمیر نو |
||
| 880 |
_6100-02\r _aاکرام الحق یسین |
||
| 942 |
_2ddc _cBK |
||